Entrada Personal Name
Número de registros utilizados en: 1
001 - CONTROL NUMBER
- control field: 17844
003 - CONTROL NUMBER IDENTIFIER
- control field: DLC
005 - DATE AND TIME OF LATEST TRANSACTION
- control field: 20260212161908.0
008 - FIXED-LENGTH DATA ELEMENTS
- fixed length control field: 910114n| azannaabn |n aaa
010 ## - LIBRARY OF CONGRESS CONTROL NUMBER
- LC control number: n 91003545
- Canceled/invalid LC control number: nr 90013000
024 7# - OTHER STANDARD IDENTIFIER
- Standard number or code: 0000000109222820
- Source of number or code: isni
024 7# - OTHER STANDARD IDENTIFIER
- Standard number or code: 87286403
- Source of number or code: viaf
024 7# - OTHER STANDARD IDENTIFIER
- Standard number or code: https://viaf.org/viaf/87286403
- Source of number or code: uri
024 7# - OTHER STANDARD IDENTIFIER
- Standard number or code: http://dbpedia.org/resource/L%C3%A1szl%C3%B3_Krasznahorkai
- Source of number or code: uri
024 7# - OTHER STANDARD IDENTIFIER
- Standard number or code: Q512062
- Source of number or code: wikidata
024 7# - OTHER STANDARD IDENTIFIER
- Standard number or code: http://www.wikidata.org/entity/Q512062
- Source of number or code: uri
035 ## - SYSTEM CONTROL NUMBER
- System control number: (OCoLC)oca02876920
040 ## - CATALOGING SOURCE
- Original cataloging agency: DLC
- Language of cataloging: spa
- Description conventions: rda
- Transcribing agency: Mx-PuUPA
- Modifying agency: DLC
- Modifying agency: OCoLC
- Modifying agency: DLC
- Modifying agency: InU
- Modifying agency: DLC
- Modifying agency: WaU
- Modifying agency: DLC
- Modifying agency: Mx-PuUPA
046 ## - SPECIAL CODED DATES
- Birth date: 19540105
- Source of date scheme: edtf
053 #0 - LC CLASSIFICATION NUMBER
- Classification number element--single number or beginning number of span: PH3281.K8866
100 1# - HEADING--PERSONAL NAME
- Personal name: Krasznahorkai, László,
- Dates associated with a name: 1954-
368 ## - OTHER ATTRIBUTES OF PERSON OR CORPORATE BODY
- Other designation: Húngaros
- Source: lcdgt
370 ## - ASSOCIATED PLACE
- Place of birth: Gyula (Hungría)
- Associated country: Hungría
- Source of term: naf
372 ## - FIELD OF ACTIVITY
- Field of activity: Novelas
- Field of activity: Guiones
- Source of term: lcgft
374 ## - OCCUPATION
- Occupation: Novelista
- Occupation: Guionista
- Occupation: Autor
- Source of term: lcdgt
375 ## - GENDER
- Gender: hombre
377 ## - ASSOCIATED LANGUAGE
- Language code: hun
670 ## - SOURCE DATA FOUND
- Source citation: His Az ellenállás melankóliája, c1989:
- Information found: t.p. (Krasznahorkai László)
670 ## - SOURCE DATA FOUND
- Source citation: Háború és háború, c1999:
- Information found: t.p. (Krasznahorkai László) jkt. flap (b. 1954, in Gyula)
670 ## - SOURCE DATA FOUND
- Source citation: World goes on, 2017:
- Information found: ECIP t.p. (László Krasznahorkai) data view (Lászlo Krasznahorkai, described by James Wood in the New Yorker as an "obsessive visionary," was born in Gyula, Hungary. This is his seventh book published by New Directions)
670 ## - SOURCE DATA FOUND
- Source citation: Wikipedia, November 17, 2017
- Information found: (László Krasznahorkai (born 5 January 1954) is a Hungarian novelist and screenwriter who is known for critically difficult and demanding novels, often labeled as postmodern, with dystopian and melancholic themes; born in Gyula, Hungary)